[Event "Fagernes GM op"]
[Site "Fagernes"]
[Date "2019.04.21"]
[Round "9"]
[White "Lillevold, Frode"]
[Black "Machlik, Monika"]
[Result "0-1"]
[WhiteElo "2076"]
[BlackElo "2059"]
[PlyCount "75"]
[EventDate "2019.04.14"]
[EventType "swiss"]
[EventRounds "9"]
[EventCountry "NOR"]
[SourceTitle "CBM 189 Extra"]
[Source "ChessBase"]
[SourceDate "2019.05.31"]
[SourceVersion "1"]
[SourceVersionDate "2019.05.31"]
[SourceQuality "1"]

1. d4 Nf6 2. c4 e6 3. Nc3 Bb4 4. e3 0-0 5. Nge2 d5 6. a3 Be7 7. Nf4 c6 8. Bd3 Nbd7 9. cxd5 exd5 10. f3 Nb6 11. 0-0 Re8 12. Bd2 c5 13. Rc1 cxd4 14. exd4 Bd7 15. Nfe2 Bc6 16. Bf4 a6 17. Rc2 Nbd7 18. Ng3 g6 19. Re1 Qb6 20. Bf1 Bf8 21. Rce2 Rxe2 22. Rxe2 Re8 23. Qd2 Bg7 24. Rxe8+ Nxe8 25. Nge2 Nf8 26. Kh1 Ne6 27. Be5 Bxe5 28. dxe5 Qf2 29. Qd1 d4 30. Ne4 Bxe4 31. fxe4 h5 32. b3 N8c7 33. Ng1 Nc5 34. Qf3 Qc2 35. Bc4 N7e6 36. Bxe6 Nxe6 37. b4 d3 38. Qf6 0-1

[Event "Oslo op"]
[Site "Oslo"]
[Date "2018.10.06"]
[Round "9"]
[White "Skaslien, Ingrid"]
[Black "Lillevold, Frode"]
[Result "0-1"]
[WhiteElo "1885"]
[BlackElo "2063"]
[PlyCount "54"]
[EventDate "2018.09.30"]
[EventType "swiss"]
[EventRounds "10"]
[EventCountry "NOR"]
[SourceTitle "EXT 2020"]
[Source "ChessBase"]
[SourceDate "2019.10.17"]
[SourceVersion "1"]
[SourceVersionDate "2019.10.17"]
[SourceQuality "1"]

1. d4 d5 2. c4 e6 3. Nc3 c6 4. e3 Nf6 5. Nf3 Nbd7 6. Qc2 Bd6 7. g4 h6 8. Bd2 a6 9. Rg1 b5 10. c5 Bc7 11. g5 hxg5 12. Rxg5 Kf8 13. 0-0-0 b4 14. Na4 Ne4 15. Rg2 Rb8 16. b3 e5 17. Be2 Nxd2 18. Nxd2 exd4 19. exd4 Qf6 20. Nf3 Qf4+ 21. Kb2 Nf6 22. Rdg1 Bg4 23. Qd3 Re8 24. Bd1 Re4 25. Qxa6 Bxf3 26. Bxf3 Qxf3 27. Qc8+ Ne8 0-1

[Event "Oslo op"]
[Site "Oslo"]
[Date "2018.10.02"]
[Round "4"]
[White "Risting, Eivind Olav"]
[Black "Lillevold, Frode"]
[Result "0-1"]
[WhiteElo "2305"]
[BlackElo "2063"]
[PlyCount "86"]
[EventDate "2018.09.30"]
[EventType "swiss"]
[EventRounds "10"]
[EventCountry "NOR"]
[SourceTitle "EXT 2020"]
[Source "ChessBase"]
[SourceDate "2019.10.17"]
[SourceVersion "1"]
[SourceVersionDate "2019.10.17"]
[SourceQuality "1"]

1. d4 d5 2. c4 e6 3. Nc3 Be7 4. Nf3 Nf6 5. Bf4 dxc4 6. e3 Nd5 7. Be5 f6 8. Bg3 Nxc3 9. bxc3 b5 10. a4 c6 11. Be2 Nd7 12. Qb1 a6 13. 0-0 Nb6 14. a5 Nd5 15. Rc1 Bd6 16. Nd2 Bxg3 17. hxg3 0-0 18. Ne4 Ra7 19. Nc5 Qd6 20. Bf3 e5 21. g4 Re7 22. Qc2 Nc7 23. Rd1 Ne6 24. Ne4 Qc7 25. Ng3 Ng5 26. Rd2 Nxf3+ 27. gxf3 exd4 28. Rxd4 c5 29. Rf4 Rd8 30. Kg2 Rd3 31. Qc1 Qe5 32. Ne4 f5 33. gxf5 Bxf5 34. Ng3 Bg6 35. Ne2 Rf7 36. Rxf7 Kxf7 37. Qh1 Qg5+ 38. Kf1 Rd2 39. Ke1 Rc2 40. Qh2 Bd3 41. Nf4 Qe5 42. Kd1 Bg6 43. Qh4 Qxc3 0-1

[Event "Oslo Sveins op 11th"]
[Site "Oslo"]
[Date "2018.06.22"]
[Round "1"]
[White "Hillarp Persson, Tiger"]
[Black "Lillevold, Frode"]
[Result "1-0"]
[WhiteElo "2546"]
[BlackElo "2053"]
[PlyCount "67"]
[EventDate "2018.06.22"]
[EventType "swiss"]
[EventRounds "9"]
[EventCountry "NOR"]
[SourceTitle "CBM 185 Extra"]
[Source "ChessBase"]
[SourceDate "2018.07.29"]
[SourceVersion "1"]
[SourceVersionDate "2018.07.29"]
[SourceQuality "1"]

1. d4 d5 2. c4 e6 3. Nc3 Nf6 4. cxd5 exd5 5. Bg5 c6 6. e3 Be7 7. Bd3 0-0 8. Nge2 Nh5 9. Bxe7 Qxe7 10. Qd2 g6 11. 0-0 Be6 12. f3 Nd7 13. e4 dxe4 14. fxe4 f5 15. exf5 Bxf5 16. Bxf5 Rxf5 17. Rxf5 gxf5 18. Rf1 Ng7 19. d5 Nf6 20. dxc6 bxc6 21. Ng3 Rd8 22. Qg5 Nd5 23. Rxf5 Qxg5 24. Rxg5 Nxc3 25. bxc3 Rd5 26. Rxd5 cxd5 27. Kf2 Kf7 28. Ne2 Ne6 29. Ke3 Kf6 30. Nf4 Nc7 31. Kd4 Nb5+ 32. Kc5 Nxc3 33. Nxd5+ Nxd5 34. Kxd5 1-0

[Event "Fagernes TV2 IM"]
[Site "Fagernes"]
[Date "2018.03.31"]
[Round "8"]
[White "Haug, Johannes"]
[Black "Lillevold, Frode"]
[Result "1-0"]
[WhiteElo "2360"]
[BlackElo "2113"]
[PlyCount "59"]
[EventDate "2018.03.25"]
[EventType "tourn"]
[EventRounds "9"]
[EventCountry "NOR"]
[EventCategory "2"]
[SourceTitle "CBM 183 Extra"]
[Source "ChessBase"]
[SourceDate "2018.04.19"]
[SourceVersion "1"]
[SourceVersionDate "2018.04.19"]
[SourceQuality "1"]

1. e4 e5 2. Nf3 Nc6 3. Bc4 Bc5 4. c3 Nf6 5. d3 d6 6. Bb3 Bb6 7. 0-0 0-0 8. Nbd2 Be6 9. Bc2 h6 10. h3 a6 11. Re1 Nh7 12. Nc4 Ba7 13. Ne3 Bxe3 14. Bxe3 f5 15. d4 f4 16. Bc1 Bf7 17. dxe5 Nxe5 18. Bxf4 Bh5 19. Bxe5 Bxf3 20. Qd5+ Kh8 21. Bg3 Ng5 22. h4 Nh3+ 23. gxh3 Qd7 24. Kh2 Rae8 25. Re3 Re6 26. Bd1 c6 27. Qd3 Bxe4 28. Rxe4 Ref6 29. Bg4 Rxf2+ 30. Bxf2 1-0

[Event "Fagernes TV2 IM"]
[Site "Fagernes"]
[Date "2018.03.25"]
[Round "1"]
[White "Dolzhikova, Kateryna"]
[Black "Lillevold, Frode"]
[Result "0-1"]
[WhiteElo "2288"]
[BlackElo "2113"]
[PlyCount "104"]
[EventDate "2018.03.25"]
[EventType "tourn"]
[EventRounds "9"]
[EventCountry "NOR"]
[EventCategory "2"]
[SourceTitle "CBM 183 Extra"]
[Source "ChessBase"]
[SourceDate "2018.04.19"]
[SourceVersion "1"]
[SourceVersionDate "2018.04.19"]
[SourceQuality "1"]

1. e4 e5 2. Nf3 Nc6 3. Nc3 Nf6 4. d4 exd4 5. Nxd4 Bb4 6. Nxc6 bxc6 7. Bd3 d5 8. exd5 cxd5 9. 0-0 0-0 10. Bg5 c6 11. Qf3 Be7 12. Rfe1 Rb8 13. Rab1 Re8 14. h3 Be6 15. Ne2 h6 16. Bf4 Bd6 17. Nd4 Bxf4 18. Qxf4 Bd7 19. Qd6 Rxb2 20. Rxb2 Rxe1+ 21. Kh2 Qf8 22. Bh7+ Nxh7 23. Qxd7 Nf6 24. Qxc6 Qe7 25. Nf3 Re6 26. Qc8+ Kh7 27. Rb7 Qd6+ 28. g3 Re7 29. Rxe7 Qxe7 30. Qf5+ g6 31. Qe5 Qc5 32. Ng5+ hxg5 33. Qxf6 Kg8 34. c3 Qa5 35. Kg2 Qxa2 36. Qxg5 Qc4 37. Qf6 Qe4+ 38. Kh2 Qf5 39. Qd4 a5 40. g4 Qe4 41. Qf6 a4 42. Qd8+ Kg7 43. Qd6 Qf3 44. Qe5+ Qf6 45. Qe3 a3 46. g5 Qf5 47. Qd2 Qe5+ 48. f4 Qe4 49. Kg3 Qc4 50. Kg4 a2 51. Qe1 Qe4 52. Qd1 Kg8 0-1

[Event "Oslo op"]
[Site "Fornebu"]
[Date "2017.10.04"]
[Round "7"]
[White "Hobber, Anders"]
[Black "Lillevold, Frode"]
[Result "1/2-1/2"]
[WhiteElo "2264"]
[BlackElo "2128"]
[PlyCount "119"]
[EventDate "2017.09.29"]
[EventType "swiss"]
[EventRounds "10"]
[EventCountry "NOR"]
[SourceTitle "CBM 181 Extra"]
[Source "ChessBase"]
[SourceDate "2017.12.12"]
[SourceVersion "1"]
[SourceVersionDate "2017.12.12"]
[SourceQuality "1"]

1. e3 d5 2. c4 e6 3. Nf3 Nf6 4. b3 Be7 5. Bb2 0-0 6. Nc3 c5 7. cxd5 exd5 8. d4 Nc6 9. Be2 Be6 10. dxc5 Bxc5 11. 0-0 a6 12. Rc1 Ba7 13. Na4 Qe7 14. Nd4 Qd6 15. Nxc6 bxc6 16. Bxf6 gxf6 17. Bd3 Qe5 18. Rxc6 Kh8 19. Qf3 a5 20. Rfc1 Rac8 21. Rxc8 Rxc8 22. Rxc8+ Bxc8 23. Qd1 Bd7 24. Bf1 Bxa4 25. bxa4 d4 26. exd4 Bxd4 27. Qf3 Kg7 28. g3 Bc3 29. Bd3 Bd4 30. Kg2 Bc3 31. Bf5 Bd4 32. Qg4+ Kf8 33. Bxh7 Qd5+ 34. Be4 Qxa2 35. Qc8+ Kg7 36. Qg4+ Kf8 37. Qc8+ Kg7 38. Bc2 Qd5+ 39. Kf1 Qf3 40. Qf5 Qxf5 41. Bxf5 Bb2 42. Ke2 Kf8 43. Ke3 Ba3 44. Ke4 Bc5 45. f4 Bg1 46. h4 Bf2 47. Kf3 Be1 48. Bd3 Kg7 49. h5 Kh6 50. g4 Bd2 51. Ke4 Kg7 52. Kf5 Bc3 53. Bc4 Bb2 54. g5 fxg5 55. fxg5 Bc3 56. h6+ Kf8 57. h7 Kg7 58. h8N Kxh8 59. Bxf7 Kg7 60. g6 1/2-1/2

[Event "Oslo op"]
[Site "Fornebu"]
[Date "2017.10.02"]
[Round "5"]
[White "Pigott, John C"]
[Black "Lillevold, Frode"]
[Result "1-0"]
[WhiteElo "2408"]
[BlackElo "2128"]
[PlyCount "41"]
[EventDate "2017.09.29"]
[EventType "swiss"]
[EventRounds "10"]
[EventCountry "NOR"]
[SourceTitle "CBM 181 Extra"]
[Source "ChessBase"]
[SourceDate "2017.12.12"]
[SourceVersion "1"]
[SourceVersionDate "2017.12.12"]
[SourceQuality "1"]

1. e4 e5 2. Nf3 Nc6 3. Bc4 Nf6 4. d3 Be7 5. 0-0 0-0 6. a4 d6 7. a5 a6 8. h3 Kh8 9. Nc3 Ng8 10. Nd5 f5 11. Re1 Nf6 12. Ng5 fxe4 13. dxe4 Ng8 14. Qh5 Bxg5 15. Bxg5 Nf6 16. Nxf6 gxf6 17. Bh6 Re8 18. Qf7 Rg8 19. Ra3 Bd7 20. Rg3 Rxg3 21. fxg3 1-0

[Event "NOR-chB"]
[Site "Stavanger"]
[Date "2017.07.07"]
[Round "8"]
[White "Lillevold, Frode"]
[Black "Moen, Ole Christian"]
[Result "1-0"]
[WhiteElo "2146"]
[BlackElo "2191"]
[PlyCount "95"]
[EventDate "2017.07.01"]
[EventType "swiss"]
[EventRounds "9"]
[EventCountry "NOR"]
[SourceTitle "CBM 179 Extra"]
[Source "ChessBase"]
[SourceDate "2017.08.23"]
[SourceVersion "1"]
[SourceVersionDate "2017.08.23"]
[SourceQuality "1"]

1. d4 Nf6 2. c4 d6 3. Nc3 Nbd7 4. e4 e5 5. d5 Nc5 6. f3 Nh5 7. g3 a5 8. Be3 g6 9. Nh3 Bg7 10. Nf2 0-0 11. Be2 b6 12. Qd2 f5 13. exf5 gxf5 14. f4 exf4 15. Bxc5 Qe8 16. Bd4 f3 17. Bxg7 Nxg7 18. Nd3 Ba6 19. b3 fxe2 20. Qxe2 Qf7 21. 0-0 Qf6 22. Rac1 Qd4+ 23. Qf2 Qf6 24. Nf4 Rae8 25. Rfe1 Re5 26. Qd2 Rfe8 27. Re2 Qg5 28. a4 Bc8 29. Rce1 Nh5 30. Kf2 Nf6 31. Qd4 Bd7 32. h3 Nh5 33. Nxh5 Qxh5 34. Rxe5 dxe5 35. Rxe5 Qxh3 36. Rxe8+ Bxe8 37. Qh4 Qxh4 38. gxh4 Kg7 39. Ke3 Kg6 40. Kf4 Kf6 41. Nb5 c6 42. Nc7 Bd7 43. Na8 b5 44. Nb6 Be8 45. dxc6 Bxc6 46. cxb5 Be4 47. Nc4 Bc2 48. b6 1-0

[Event "Fagernes TV2 GM op"]
[Site "Fagernes"]
[Date "2017.04.09"]
[Round "1"]
[White "Nihal, Sarin"]
[Black "Lillevold, Frode"]
[Result "1-0"]
[WhiteElo "2424"]
[BlackElo "2135"]
[PlyCount "67"]
[EventDate "2017.04.09"]
[EventType "swiss"]
[EventRounds "9"]
[EventCountry "NOR"]
[SourceTitle "CBM 177 Extra"]
[Source "ChessBase"]
[SourceDate "2017.04.27"]
[SourceVersion "1"]
[SourceVersionDate "2017.04.27"]
[SourceQuality "1"]

1. d4 d5 2. c4 e6 3. Nf3 Be7 4. Nc3 Nf6 5. Bf4 0-0 6. a3 c5 7. dxc5 Bxc5 8. e3 Nc6 9. b4 Be7 10. h3 Re8 11. Qc2 Bd6 12. Bxd6 Qxd6 13. Rd1 a5 14. c5 Qe7 15. Qb2 axb4 16. axb4 Rd8 17. Bb5 e5 18. 0-0 h6 19. Na4 e4 20. Nd4 Nxd4 21. Rxd4 Bd7 22. Bxd7 Nxd7 23. Qb3 Ra6 24. Nc3 Ne5 25. Rxd5 Rg6 26. Rxd8+ Qxd8 27. Nxe4 Qh4 28. Qd5 Nf3+ 29. Kh1 Rg4 30. Ng3 Ng5 31. Nf5 Qh5 32. Qd8+ Kh7 33. Ne7 Rxg2 34. Qg8# 1-0

[Event "Oslo op"]
[Site "Fornebu"]
[Date "2016.10.03"]
[Round "4"]
[White "Lillevold, Frode"]
[Black "Djurhuus, Rune"]
[Result "0-1"]
[WhiteElo "2103"]
[BlackElo "2413"]
[PlyCount "93"]
[EventDate "2016.09.30"]
[EventType "swiss"]
[EventRounds "9"]
[EventCountry "NOR"]
[SourceTitle "EXT 2017"]
[Source "ChessBase"]
[SourceDate "2016.10.25"]
[SourceVersion "1"]
[SourceVersionDate "2016.10.25"]
[SourceQuality "1"]

1. d4 e6 2. c4 f5 3. g3 Nf6 4. Bg2 c6 5. Nf3 d5 6. 0-0 Bd6 7. b3 Qe7 8. Bb2 b6 9. Ne5 Bb7 10. Nc3 0-0 11. Rc1 Bxe5 12. dxe5 Ng4 13. cxd5 exd5 14. Nxd5 cxd5 15. Bxd5+ Kh8 16. Ba3 Qxa3 17. Bxb7 Na6 18. Bxa8 Rxa8 19. h3 Nh6 20. Qd6 Qxd6 21. exd6 Rd8 22. Rfd1 Kg8 23. Rc4 Nc5 24. f3 Kf7 25. b4 Ne6 26. e4 fxe4 27. fxe4 Kf6 28. Kf2 Nf7 29. Rd5 Rxd6 30. Rf5+ Ke7 31. Ke3 Rd1 32. Rc3 Nd6 33. Rf2 Re1+ 34. Re2 Rxe2+ 35. Kxe2 Nxe4 36. Ra3 Nd4+ 37. Kf1 Nb5 38. Ra6 Kd7 39. a4 Nc7 40. Rxa7 Kc8 41. a5 b5 42. Ke2 Kb8 43. Rxc7 Kxc7 44. g4 Nc3+ 45. Kd3 Nd5 46. Kd4 Kd6 47. a6 0-1

[Event "Oslo op"]
[Site "Fornebu"]
[Date "2016.10.02"]
[Round "3"]
[White "Getz, Nicolai"]
[Black "Lillevold, Frode"]
[Result "1/2-1/2"]
[WhiteElo "2445"]
[BlackElo "2103"]
[PlyCount "169"]
[EventDate "2016.09.30"]
[EventType "swiss"]
[EventRounds "9"]
[EventCountry "NOR"]
[SourceTitle "EXT 2017"]
[Source "ChessBase"]
[SourceDate "2016.10.25"]
[SourceVersion "1"]
[SourceVersionDate "2016.10.25"]
[SourceQuality "1"]

1. e4 e5 2. Nf3 Nc6 3. Bc4 Nf6 4. d3 Be7 5. 0-0 0-0 6. a4 d6 7. a5 a6 8. c3 h6 9. Nbd2 Nh7 10. d4 exd4 11. Nxd4 Nxd4 12. cxd4 Bf6 13. Nf3 Ng5 14. Nxg5 hxg5 15. Qh5 d5 16. Bxd5 c6 17. Ba2 Qxd4 18. Bxg5 Bxg5 19. Qxg5 Qxe4 20. Rad1 Qf5 21. Qe7 Be6 22. Bxe6 Qxe6 23. Qxb7 Rfb8 24. Qc7 Rxb2 25. Rd8+ Rxd8 26. Qxd8+ Kh7 27. Qd3+ g6 28. Qxa6 Ra2 29. Qb6 Qc4 30. h4 Qb5 31. Qa7 Qd5 32. a6 Qc4 33. Re1 Rxa6 34. Qe7 Ra5 35. Re4 Qc1+ 36. Kh2 Rf5 37. f3 Qb2 38. Re2 Qf6 39. Qxf6 Rxf6 40. Rc2 Kg7 41. Kg3 Kf8 42. Kg4 Ke7 43. Kg5 Rf5+ 44. Kh6 Kd6 45. Kg7 c5 46. Rc3 Kd5 47. g4 Rf4 48. h5 gxh5 49. gxh5 Kd4 50. Ra3 Rh4 51. h6 f5 52. h7 c4 53. h8Q Rxh8 54. Kxh8 c3 55. Kg7 c2 56. Ra1 Ke3 57. Kf6 Kxf3 58. Rc1 Ke3 59. Rxc2 f4 60. Ke5 f3 61. Rc3+ Ke2 62. Ke4 f2 63. Rc2+ Ke1 64. Ke3 f1N+ 65. Kd3 Ng3 66. Rg2 Nf1 67. Re2+ Kd1 68. Rf2 Ke1 69. Re2+ Kd1 70. Re5 Nd2 71. Rh5 Nf1 72. Re5 Nd2 73. Ra5 Nb1 74. Ra2 Kc1 75. Rh2 Na3 76. Ra2 Nb1 77. Rc2+ Kd1 78. Rb2 Kc1 79. Rb3 Nd2 80. Rc3+ Kd1 81. Rc2 Nf1 82. Re2 Ng3 83. Rf2 Ke1 84. Ra2 Nf1 85. Re2+ 1/2-1/2

[Event "Oslo op-A"]
[Site "Oslo"]
[Date "2014.10.04"]
[Round "8"]
[White "Gonzalez, Francisco Silva"]
[Black "Lillevold, Frode"]
[Result "0-1"]
[WhiteElo "2130"]
[BlackElo "2199"]
[PlyCount "163"]
[EventDate "2014.09.28"]
[EventType "swiss"]
[EventRounds "9"]
[EventCountry "NOR"]
[SourceTitle "CBM 162 Extra"]
[Source "ChessBase"]
[SourceDate "2014.10.17"]
[SourceVersion "1"]
[SourceVersionDate "2014.10.17"]
[SourceQuality "1"]

1. d4 d5 2. c4 e6 3. Nc3 Nf6 4. Nf3 Be7 5. Bg5 0-0 6. e3 h6 7. Bh4 Ne4 8. Bxe7 Qxe7 9. Rc1 c6 10. Bd3 Nxc3 11. Rxc3 Nd7 12. 0-0 dxc4 13. Bxc4 c5 14. e4 b6 15. d5 exd5 16. Bxd5 Rb8 17. Re1 Nf6 18. e5 Nxd5 19. Qxd5 Be6 20. Qd2 Rbd8 21. Qc2 Rd5 22. h3 Rfd8 23. a3 a5 24. Qe2 Bf5 25. Qe3 b5 26. Qf4 Be6 27. h4 b4 28. axb4 axb4 29. Rc2 Rd3 30. Rd2 c4 31. Red1 Rxd2 32. Rxd2 Rxd2 33. Qxd2 Qc5 34. Nd4 c3 35. bxc3 bxc3 36. Qd3 Bd5 37. Ne2 c2 38. Nc1 Qc6 39. Qg3 h5 40. Kh2 g6 41. Qg5 Be6 42. Qd8+ Kh7 43. Qd4 Kg7 44. f3 Qc7 45. Kg1 Qa5 46. Kf2 Qa3 47. Qe3 Qa4 48. g3 Qd7 49. Qd3 Qc6 50. Qd4 Kh7 51. Qe3 Bc4 52. Qd4 Ba6 53. Qd6 Qc4 54. Ke3 Qf1 55. Qa3 Qg1+ 56. Kd2 Qf2+ 57. Kc3 Qxf3+ 58. Kb2 Qxa3+ 59. Kxa3 g5 60. Kb2 Kg6 61. Kxc2 gxh4 62. gxh4 Kf5 63. Kd2 Kxe5 64. Nb3 Kf4 65. Nd4 Kg4 66. Ke3 f5 67. Ne6 Bc8 68. Nf4 Kxh4 69. Kf2 Kg4 70. Nd5 Bb7 71. Ne3+ Kf4 72. Nf1 h4 73. Nh2 h3 74. Nf1 Bg2 75. Ng3 Kg4 76. Kg1 f4 77. Ne2 Bf3 78. Nd4 Be4 79. Kh2 f3 80. Nb3 f2 81. Nd2 Bd3 82. Ne4 0-1

[Event "Oslo op-A"]
[Site "Oslo"]
[Date "2014.10.01"]
[Round "5"]
[White "Lillevold, Frode"]
[Black "Basso, Pier Luigi"]
[Result "0-1"]
[WhiteElo "2199"]
[BlackElo "2322"]
[PlyCount "84"]
[EventDate "2014.09.28"]
[EventType "swiss"]
[EventRounds "9"]
[EventCountry "NOR"]
[SourceTitle "CBM 162 Extra"]
[Source "ChessBase"]
[SourceDate "2014.10.17"]
[SourceVersion "1"]
[SourceVersionDate "2014.10.17"]
[SourceQuality "1"]

1. d4 Nf6 2. c4 e6 3. Nc3 d5 4. cxd5 exd5 5. Bg5 Be7 6. e3 Nbd7 7. Bd3 0-0 8. Nge2 Re8 9. 0-0 c6 10. Qc2 Nf8 11. f3 Nh5 12. Bxe7 Qxe7 13. e4 dxe4 14. fxe4 Qg5 15. Rf2 Nf6 16. Qc1 Qxc1+ 17. Rxc1 Be6 18. e5 Ng4 19. Rf3 c5 20. dxc5 Nxe5 21. Rg3 Nxd3 22. Rxd3 Bxa2 23. Nf4 Ne6 24. Nxe6 Bxe6 25. Nb5 Rec8 26. Nd6 Rc7 27. b4 a6 28. Rdc3 Kf8 29. c6 bxc6 30. Rxc6 Rxc6 31. Rxc6 Rb8 32. Rxa6 Rxb4 33. Ra5 g6 34. Nb5 Rb1+ 35. Kf2 Rb2+ 36. Kg3 Bd5 37. Nc3 Rxg2+ 38. Kh3 Bf3 39. Re5 g5 40. Ne4 g4+ 41. Kh4 Rxh2+ 42. Kg5 Re2 0-1

[Event "Oslo op-A"]
[Site "Oslo"]
[Date "2014.09.30"]
[Round "3"]
[White "Lillevold, Frode"]
[Black "Werle, Jan"]
[Result "0-1"]
[WhiteElo "2199"]
[BlackElo "2523"]
[PlyCount "80"]
[EventDate "2014.09.28"]
[EventType "swiss"]
[EventRounds "9"]
[EventCountry "NOR"]
[SourceTitle "CBM 162 Extra"]
[Source "ChessBase"]
[SourceDate "2014.10.17"]
[SourceVersion "1"]
[SourceVersionDate "2014.10.17"]
[SourceQuality "1"]

1. d4 f5 2. g3 Nf6 3. Bg2 g6 4. Nf3 Bg7 5. 0-0 0-0 6. c4 d6 7. Nc3 Qe8 8. d5 a5 9. Re1 Na6 10. e4 fxe4 11. Nxe4 Nxe4 12. Rxe4 Nc5 13. Rh4 e5 14. dxe6 Nxe6 15. Bh6 Bxh6 16. Rxh6 Qf7 17. Qd2 Qg7 18. Re1 Bd7 19. Rh4 Rae8 20. Rxe6 Bxe6 21. Ng5 c6 22. Rxh7 Qe5 23. Rxb7 Bxc4 24. Ne4 Re7 25. Rxe7 Qxe7 26. Qxd6 Qxd6 27. Nxd6 Bxa2 28. Bxc6 Rf6 29. Nc8 Kf8 30. Be4 Bf7 31. f3 Be8 32. Kf2 Bd7 33. Bb7 Bc6 34. Bxc6 Rxc6 35. Na7 Rc2+ 36. Ke3 Rxb2 37. Kd3 a4 38. Kc3 a3 39. Nc6 Rb1 40. Nd4 a2 0-1

[Event "NOR-ch Master"]
[Site "Trondheim"]
[Date "2014.07.13"]
[Round "2"]
[White "Vea, Odin Blikra"]
[Black "Lillevold, Frode"]
[Result "1-0"]
[WhiteElo "2235"]
[BlackElo "2190"]
[PlyCount "55"]
[EventDate "2014.07.12"]
[EventType "swiss"]
[EventRounds "9"]
[EventCountry "NOR"]
[SourceTitle "EXT 2019"]
[Source "ChessBase"]
[SourceDate "2018.10.10"]
[SourceVersion "1"]
[SourceVersionDate "2018.10.10"]
[SourceQuality "1"]

1. e4 e5 2. Nf3 Nc6 3. Bb5 Nf6 4. Nc3 Nd4 5. Ba4 c6 6. Nxe5 Qe7 7. Nf3 Nxe4 8. 0-0 Nxf3+ 9. Qxf3 Nc5 10. d4 Nxa4 11. Nxa4 d6 12. d5 cxd5 13. Nc3 Be6 14. Nxd5 Bxd5 15. Qxd5 0-0-0 16. Bg5 f6 17. Be3 Kb8 18. Qd4 b6 19. a4 d5 20. a5 Qc7 21. axb6 axb6 22. Ra6 Bc5 23. Qa4 Qb7 24. Bf4+ Bd6 25. Ra1 b5 26. Rxd6 bxa4 27. Rxd8+ Ka7 28. Rxa4+ 1-0

[Event "Fagernes Norsk op-A"]
[Site "Fagernes"]
[Date "2014.04.18"]
[Round "7"]
[White "Salomon, Johan"]
[Black "Lillevold, Frode"]
[Result "1/2-1/2"]
[WhiteElo "2343"]
[BlackElo "2182"]
[PlyCount "110"]
[EventDate "2014.04.13"]
[EventType "swiss"]
[EventRounds "9"]
[EventCountry "NOR"]
[SourceTitle "CBM 159 Extra"]
[Source "ChessBase"]
[SourceDate "2014.04.24"]
[SourceVersion "1"]
[SourceVersionDate "2014.04.24"]
[SourceQuality "1"]

1. e4 e5 2. Nf3 Nc6 3. Bb5 Nf6 4. d3 Bd6 5. Nbd2 a6 6. Bxc6 dxc6 7. Nc4 Nd7 8. a4 0-0 9. a5 Re8 10. 0-0 Nf8 11. h3 Qe7 12. b3 Ng6 13. Bb2 f6 14. Ne3 Qf7 15. Nd2 Nf4 16. Qf3 Be6 17. Ndc4 Qh5 18. Qxh5 Nxh5 19. Kh2 Nf4 20. h4 Rad8 21. g3 Ng6 22. h5 Nh8 23. Kg2 Nf7 24. f4 Bc5 25. Kf3 Bc8 26. Rad1 Re7 27. Bc3 Rde8 28. g4 Nd6 29. Be1 Nb5 30. c3 Rd8 31. Ke2 Nd6 32. fxe5 Nxc4 33. bxc4 Bxe3 34. Kxe3 Rxe5 35. Bg3 Rg5 36. Bxc7 Re8 37. Bf4 Rxg4 38. Rg1 Rxg1 39. Rxg1 Rd8 40. c5 Kf7 41. Bd6 g5 42. d4 Re8 43. c4 Kg7 44. Kf3 Kh6 45. Rh1 f5 46. exf5 Bxf5 47. Kg3 Be6 48. Re1 Bf7 49. Be7 Kxh5 50. d5 cxd5 51. cxd5 Bxd5 52. Re5 h6 53. Re3 Kg6 54. Bxg5 Rxe3+ 55. Bxe3 h5 1/2-1/2

[Event "Fagernes Norsk op-A"]
[Site "Fagernes"]
[Date "2014.04.16"]
[Round "6"]
[White "Lillevold, Frode"]
[Black "Svane, Rasmus"]
[Result "0-1"]
[WhiteElo "2182"]
[BlackElo "2487"]
[PlyCount "71"]
[EventDate "2014.04.13"]
[EventType "swiss"]
[EventRounds "9"]
[EventCountry "NOR"]
[SourceTitle "CBM 159 Extra"]
[Source "ChessBase"]
[SourceDate "2014.04.24"]
[SourceVersion "1"]
[SourceVersionDate "2014.04.24"]
[SourceQuality "1"]

1. d4 Nf6 2. c4 g6 3. Nc3 d5 4. Nf3 Bg7 5. Bg5 Ne4 6. Bh4 Nxc3 7. bxc3 dxc4 8. Qa4+ Qd7 9. Qxc4 b6 10. Bg3 c5 11. Ne5 Bxe5 12. Bxe5 Ba6 13. Qb3 0-0 14. e3 Bxf1 15. Kxf1 Nc6 16. Bf4 cxd4 17. cxd4 Nxd4 18. Qd3 Qb5 19. Qxb5 Nxb5 20. Ke2 Rac8 21. Kf3 f6 22. g4 Nc3 23. e4 Rc4 24. Rhe1 e5 25. Bg3 g5 26. Re3 b5 27. a3 a5 28. h4 h6 29. Rae1 Rd8 30. hxg5 hxg5 31. Kg2 b4 32. axb4 axb4 33. Ra1 b3 34. Ra7 b2 35. Bxe5 fxe5 36. Ra4 0-1

[Event "Fagernes Norsk op-A"]
[Site "Fagernes"]
[Date "2014.04.15"]
[Round "3"]
[White "Houska, Jovanka"]
[Black "Lillevold, Frode"]
[Result "0-1"]
[WhiteElo "2410"]
[BlackElo "2182"]
[PlyCount "130"]
[EventDate "2014.04.13"]
[EventType "swiss"]
[EventRounds "9"]
[EventCountry "NOR"]
[SourceTitle "CBM 159 Extra"]
[Source "ChessBase"]
[SourceDate "2014.04.24"]
[SourceVersion "1"]
[SourceVersionDate "2014.04.24"]
[SourceQuality "1"]

1. d4 d5 2. Bf4 Nf6 3. e3 e6 4. Nf3 c5 5. c3 Nc6 6. Nbd2 cxd4 7. exd4 Bd6 8. Bg3 Bxg3 9. hxg3 Qc7 10. Bb5 0-0 11. Qe2 Bd7 12. Bxc6 bxc6 13. Ne5 c5 14. g4 cxd4 15. cxd4 Rab8 16. g5 Bb5 17. Nd3 Qc2 18. gxf6 Bxd3 19. Qg4 Bg6 20. fxg7 Rfc8 21. Nb3 Qxb2 22. 0-0 Qc2 23. Rfc1 Qe4 24. Qg3 Kxg7 25. Rc7 a5 26. Rac1 Re8 27. Nxa5 Ra8 28. Qc3 Qd3 29. Qb4 Reb8 30. Rb7 Rxb7 31. Nxb7 Rxa2 32. Nd6 Qa3 33. Ne8+ Kh6 34. Qe1 Be4 35. Kh2 Qe7 36. Qe3+ Qg5 37. Qxg5+ Kxg5 38. Kg3 h5 39. f3 h4+ 40. Kh3 Bf5+ 41. Kh2 Rd2 42. Nd6 Rxd4 43. Nxf7+ Kf4 44. Nd6 Rd2 45. Rc8 h3 46. Nxf5 exf5 47. Kxh3 d4 48. Rc5 d3 49. g3+ Kxf3 50. Rxf5+ Ke4 51. Rf8 Re2 52. Kg4 d2 53. Re8+ Kd3 54. Rd8+ Ke3 55. Re8+ Kf2 56. Rd8 Ke1 57. Kf5 Rf2+ 58. Ke5 Rg2 59. Kf4 d1Q 60. Rxd1+ Kxd1 61. g4 Ke2 62. g5 Kf2 63. Kf5 Kg3 64. g6 Kh4 65. Kf6 Kh5 0-1

[Event "Fagernes Norsk op-A"]
[Site "Fagernes"]
[Date "2014.04.15"]
[Round "4"]
[White "Lillevold, Frode"]
[Black "Gajewski, Grzegorz"]
[Result "0-1"]
[WhiteElo "2182"]
[BlackElo "2631"]
[PlyCount "44"]
[EventDate "2014.04.13"]
[EventType "swiss"]
[EventRounds "9"]
[EventCountry "NOR"]
[SourceTitle "CBM 159 Extra"]
[Source "ChessBase"]
[SourceDate "2014.04.24"]
[SourceVersion "1"]
[SourceVersionDate "2014.04.24"]
[SourceQuality "1"]

1. d4 Nf6 2. c4 e6 3. Nc3 Bb4 4. Nf3 b6 5. e3 Bb7 6. Bd3 0-0 7. 0-0 d5 8. Qc2 dxc4 9. Bxc4 c5 10. a3 Bxc3 11. bxc3 Qc7 12. Qe2 Nbd7 13. Bd3 Ne4 14. Bb2 f5 15. Rac1 Rf6 16. Ne5 Rh6 17. f4 Nxe5 18. dxe5 Qe7 19. Qe1 Rg6 20. Rc2 Rd8 21. Bc4 Qd7 22. Bc1 Nd2 0-1